000 00634nam a2200193 4500
003 LK-CoMWRAF
005 20240103130024.0
008 231214b |||||||| |||| 00| 0 eng d
020 _a9551178548
040 _aLK-CoMWRAF
_dLK-CoMWRAF
_eLK-CoMWRAF
041 _asin
082 _a641.5
_bBOO
100 _aබූරා, ඩැල්රීනා සුහුඩ්
245 _aගුට් කුකන් :
_bකෑම වටටෝරු
246 _aGoot Cooken : Kaama wattoru
260 _aකොළඹ :
_bසදීපා ප්‍ර‍ාකාශන,
_c2006
650 _aසූප ශාස්ත්‍ර
942 _cBK
999 _c4444
_d4444